000 00648nam a2200133Ia 4500
008 171212s9999 xx 000 0 und d
020 _a9781920942045
245 _ceditor Morphy, Frances;Sanders, Will
_aThe Indigenous Welfare Economy and the CDEP Scheme
260 _bANU E Press
_c2004
440 _aCentre for Aboriginal Economic Policy Research (CAEPR)
650 _aCommunity Development Employment Projects (Australia); Federal aid to community development -- Australia; Aboriginal Australians -- Employment -- Government policy; Employment subsidies -- Australia
650 _aSociology
856 _uwww.jstor.org/stable/10.2307/j.ctt2jbj2z
999 _c351365
_d351365